000 00291nam a22001337a 4500
008 181030b xxu||||| |||| 00| 0 eng d
020 _a9780721696522
041 _aeng
080 _a610
100 _a4
101 _aSHM
245 _aCell Textbook of Medicine
_cGoldman
942 _2udc
_cBK
999 _c51204
_d51204